| 000 | 00794cam a22002414a 4500 | ||
|---|---|---|---|
| 001 | 12008202 | ||
| 005 | 20240122015341.0 | ||
| 008 | 000515s2000 enk 001 0 eng | ||
| 020 | _a0521781124 (alk. paper) | ||
| 020 | _a0521786428 (pb : alk. paper) | ||
| 040 |
_aDLC _cDLC _dDLC |
||
| 082 | 0 | 0 |
_a323.1/1 _221 |
| 245 | 0 | 0 |
_aAutonomy and ethnicity : _bnegotiating competing claims in multi-ethnic states / _cedited by Yash Ghai. |
| 250 | _a1st | ||
| 260 |
_aCambridge, UK ; _aNew York : _bCambridge University Press, _c2000. |
||
| 300 | _axiv, 312 p. ; | ||
| 650 | 0 | _aAutonomy. | |
| 650 | 0 | _aEthnicity. | |
| 700 | 1 |
_aGhai, Yash P., _eedt |
|
| 856 | 4 | 2 | _uhttp://www.loc.gov/catdir/description/cam021/00040408.html |
| 856 | 4 | 1 | _uhttp://www.loc.gov/catdir/toc/cam028/00040408.html |
| 942 | _cL | ||
| 999 |
_c188 _d188 |
||